<?xml version="1.0" encoding="UTF-8"?>
<record
    xmlns:xsi="http://www.w3.org/2001/XMLSchema-instance"
    xsi:schemaLocation="http://www.loc.gov/MARC21/slim http://www.loc.gov/standards/marcxml/schema/MARC21slim.xsd"
    xmlns="http://www.loc.gov/MARC21/slim">

  <leader>01001cam a2200253 a 4500</leader>
  <controlfield tag="001">000002563</controlfield>
  <controlfield tag="005">20200929150220.0</controlfield>
  <controlfield tag="008">920904s1993    pr a     b   s001 p spa  </controlfield>
  <datafield tag="020" ind1=" " ind2=" ">
    <subfield code="a">0847701786</subfield>
  </datafield>
  <datafield tag="040" ind1=" " ind2=" ">
    <subfield code="a">DO-SdBNP</subfield>
    <subfield code="b">spa</subfield>
    <subfield code="c">BNPHU</subfield>
  </datafield>
  <datafield tag="082" ind1=" " ind2=" ">
    <subfield code="a">PR861.44</subfield>
    <subfield code="b">P157t</subfield>
  </datafield>
  <datafield tag="100" ind1="1" ind2=" ">
    <subfield code="a">Pal&#xE9;s Matos, Luis,</subfield>
    <subfield code="d">1898-1959</subfield>
    <subfield code="9">8067</subfield>
  </datafield>
  <datafield tag="245" ind1="1" ind2="0">
    <subfield code="a">Tunt&#xFA;n de pasa y grifer&#xED;a /</subfield>
    <subfield code="c">Luis Pal&#xE9;s Matos; edici&#xF3;n de Mercedes L&#xF3;pez-Baralt.</subfield>
  </datafield>
  <datafield tag="260" ind1=" " ind2=" ">
    <subfield code="a">San Juan :</subfield>
    <subfield code="b">Instituto de Cultura Puertorrique&#xF1;a,</subfield>
    <subfield code="b">Editorial de la Universidad de Puerto Rico,</subfield>
    <subfield code="c">1993.</subfield>
  </datafield>
  <datafield tag="300" ind1=" " ind2=" ">
    <subfield code="a">226 p. :</subfield>
    <subfield code="b">il. ;</subfield>
    <subfield code="c">20 cm.</subfield>
  </datafield>
  <datafield tag="490" ind1="1" ind2=" ">
    <subfield code="a">Puertorrique&#xF1;a</subfield>
    <subfield code="v">no. 4</subfield>
  </datafield>
  <datafield tag="504" ind1=" " ind2=" ">
    <subfield code="a">Incluye referencias bibliogr&#xE1;ficas (p. [61]-68) y citas al pie de p&#xE1;gina.</subfield>
  </datafield>
  <datafield tag="650" ind1=" " ind2="4">
    <subfield code="a">Poes&#xED;a puertorrique&#xF1;a</subfield>
    <subfield code="9">1015</subfield>
  </datafield>
  <datafield tag="650" ind1=" " ind2="4">
    <subfield code="a">Negros</subfield>
    <subfield code="x">Poes&#xED;as</subfield>
    <subfield code="9">8068</subfield>
  </datafield>
  <datafield tag="650" ind1=" " ind2="4">
    <subfield code="a">Literatura puertorrique&#xF1;a</subfield>
    <subfield code="9">250</subfield>
  </datafield>
  <datafield tag="700" ind1="1" ind2=" ">
    <subfield code="a">L&#xF3;pez-Baralt, Mercedes,</subfield>
    <subfield code="d">1942-</subfield>
    <subfield code="e">ed.</subfield>
    <subfield code="9">8069</subfield>
  </datafield>
  <datafield tag="710" ind1="2" ind2=" ">
    <subfield code="a">Editorial de la Universidad de Puerto Rico.</subfield>
    <subfield code="9">8070</subfield>
  </datafield>
  <datafield tag="830" ind1=" " ind2="0">
    <subfield code="a">Puertorrique&#xF1;a;</subfield>
    <subfield code="v">no. 4</subfield>
    <subfield code="9">8071</subfield>
  </datafield>
  <datafield tag="952" ind1=" " ind2=" ">
    <subfield code="0">0</subfield>
    <subfield code="1">0</subfield>
    <subfield code="5">2</subfield>
    <subfield code="7">0</subfield>
    <subfield code="8">MO</subfield>
    <subfield code="a">GR</subfield>
    <subfield code="b">GR</subfield>
    <subfield code="c">CT</subfield>
    <subfield code="d">2009-07-07</subfield>
    <subfield code="i">LF1</subfield>
    <subfield code="l">0</subfield>
    <subfield code="o">PR861.44 P157t</subfield>
    <subfield code="p">2563-10</subfield>
    <subfield code="r">2020-06-25</subfield>
    <subfield code="w">2020-06-25</subfield>
    <subfield code="y">2</subfield>
    <subfield code="Z">Pr&#xE9;stamo interno</subfield>
  </datafield>
  <datafield tag="999" ind1=" " ind2=" ">
    <subfield code="c">2399</subfield>
    <subfield code="d">2399</subfield>
  </datafield>
</record>
